000 003000000a22001090004500
090 _aAS
_bSeriadas
245 1 0 _aNotas sobre la avifauna del Suroccidente colombiano
041 0 _aEspañol
100 1 _aNegret, Alvaro José
_910134
942 _cARTICULO
773 1 _tNovedades Colombianas
_h7
_q45-50
_d1997
999 _c16084
_d16084